Loading...
| Religion | 0 | 3 | 0 | 2 | 30 | 133 | 153.33 | 0 | 0 | 1.39 | 7.95 |
| History - World | 1 | 2 | 2 | 0 | 25 | 77 | 103.00 | 0 | 2 | 6.82 | 15.35 |
| History - American | 0 | 1 | 0 | 0 | 10 | 124 | 124.00 | 0 | 0 | 1.16 | 2.05 |
| Fine Arts - Classical Music and Opera | 0 | 1 | 0 | 0 | 10 | 147 | 147.00 | 0 | 0 | -0.05 | 0.51 |
| Fine Arts - Other Arts | 0 | 2 | 2 | 0 | 10 | 132 | 143.00 | 0 | 2 | 1.35 | 7.02 |
| Literature - American | 0 | 1 | 0 | 0 | 10 | 158 | 158.00 | 0 | 0 | 0.05 | 1.54 |
| Other Science (Astronomy) | 0 | 0 | 0 | 0 | 0 | 0.00 | 0 | 0 | 0.00 | 0.00 | |
| Other Science (Computer Science) | 0 | 0 | 0 | 0 | 0 | 0.00 | 0 | 0 | 0.00 | 0.00 | |
| Literature - European | 0 | 0 | 0 | 0 | 0 | 0.00 | 0 | 0 | 0.00 | 0.00 | |
| Science - Biology | 0 | 0 | 0 | 0 | 0 | 0.00 | 0 | 0 | 0.00 | 0.00 | |
| Geography | 0 | 1 | 2 | 1 | 0 | 144 | 144.00 | 0 | 0 | 0.17 | 6.67 |
| Other Academic | 0 | 0 | 0 | 0 | 0 | 0.00 | 0 | 0 | 0.00 | 0.00 | |
| History - European | 0 | 0 | 1 | 0 | -5 | 0.00 | 0 | 0 | 0.00 | 0.00 | |
| Social Science | 0 | 0 | 1 | 0 | -5 | 0.00 | 0 | 0 | 0.00 | 0.00 | |
| Modern World | 0 | 0 | 1 | 0 | -5 | 0.00 | 0 | 0 | 0.00 | 0.00 | |
| Fine Arts - Painting and Sculpture | 0 | 0 | 1 | 0 | -5 | 0.00 | 0 | 0 | 0.00 | 0.00 | |
| History - Other | 0 | 0 | 1 | 0 | -5 | 0.00 | 0 | 0 | 0.00 | 0.00 |